• AIU
  • Tony Wilmot Memorial Library

Galamba Wilira u Soolla. (Record no. 39994)

MARC details
000 -LEADER
fixed length control field 00742nam a22002171a 4500
005 - DATE AND TIME OF LATEST TRANSACTION
control field 20110718133135.0
008 - FIXED-LENGTH DATA ELEMENTS--GENERAL INFORMATION
fixed length control field 091005s1995 001 0 eng d
020 ## - INTERNATIONAL STANDARD BOOK NUMBER
International Standard Book Number 9966405232 :
Terms of availability 0.00
040 ## - CATALOGING SOURCE
Original cataloging agency NEGST Library - Kenya
050 #4 - LIBRARY OF CONGRESS CALL NUMBER
Classification number BS 325.M87 1995
082 0# - DEWEY DECIMAL CLASSIFICATION NUMBER
Classification number BS 325.M87 1995
100 1# - MAIN ENTRY--PERSONAL NAME
Personal name Alliance biblique du Tchad.
245 10 - TITLE STATEMENT
Title Galamba Wilira u Soolla.
260 ## - PUBLICATION, DISTRIBUTION, ETC. (IMPRINT)
Place of publication, distribution, etc N'Djamena :
Name of publisher, distributor, etc Alliance Biblique du Tch,
Date of publication, distribution, etc 1995.
300 ## - PHYSICAL DESCRIPTION
Extent iv, 665 p. : ill.
500 ## - GENERAL NOTE
General note "Le Nouveau Testament et les Psaumes en langue moussey." - T.p. verso. [Africana]
600 10 - SUBJECT ADDED ENTRY--PERSONAL NAME
Personal name Bible. N.T. Musey. 1995.
600 10 - SUBJECT ADDED ENTRY--PERSONAL NAME
Personal name Bible. Psalms. Musey. 1995.
600 10 - SUBJECT ADDED ENTRY--PERSONAL NAME
Personal name Musey language - Texts.
852 ## - LOCATION/CALL NUMBER
-- 4.00
Holdings
Withdrawn status Lost status Source of classification or shelving scheme Damaged status Not for loan Collection code Home library Current library Shelving location Date acquired Cost, normal purchase price Total Checkouts Full call number Barcode Date last seen Price effective from Koha item type
    Library of Congress Classification     Reference AIU/NEGST - Tony Wilmot Memorial Library AIU/NEGST - Tony Wilmot Memorial Library Reference 01/25/2010 4.00   REF BS 325.M87 1995 R36602F3232 09/26/2019 01/25/2010 Reference